000
00316nam a22001337a 4500
008
181218b xxu||||| |||| 00| 0 eng d
020
_a
9780716722502
041
_a
eng
080
_a
311
100
_a
55
101
_a
stA
245
_a
Introduction To The Practics Of Statistics
_c
Moore.D.S
942
_2
udc
_c
BK
999
_c
53376
_d
53376